Jak zhubnout 7 liber za 7 dní /

Hlavní autor: Stoppard, Miriam, 1937-
Jazyk: Čeština
Vydáno: Praha : I. Železný, 1995
Vydání: Vyd. 1.
Edice: Jak na to (Ivo Železný)
Knížky dostupné každému
Témata:
Externí odkaz: Digitalizovaný dokument
Fyzický popis: 126 s. ; 18 cm
Knihy
Uloženo v:
LEADER 01454nam a2200409 a 4500
001 000021267
003 CZ BrMZK
005 20220630121522.0
007 ta
008 950313s1995 xr e f 000 0 cze
015 |a cnb000104246 
020 |a 80-237-2128-3 
040 |a BOA001  |b cze 
041 1 |a cze  |h eng 
072 7 |a 613  |x Hygiena. Lidské zdraví  |2 Konspekt  |9 14 
080 |a 615.874.24  |2 MRF 
080 |a 613.2  |2 MRF 
080 |a (035)  |2 MRF 
100 1 |a Stoppard, Miriam,  |d 1937-  |7 jn20001103541  |4 aut 
245 1 0 |a Jak zhubnout 7 liber za 7 dní /  |c Miriam Stoppardová 
250 |a Vyd. 1. 
260 |a Praha :  |b I. Železný,  |c 1995 
300 |a 126 s. ;  |c 18 cm 
490 1 |a Jak na to 
490 1 |a Knížky dostupné každému ;  |v 11 
500 |a Přeloženo z angličtiny 
500 |a Dostupné též v digitální podobě v aplikaci Kramerius 
650 0 7 |a redukce tělesné hmotnosti  |7 ph135013  |2 czenas 
650 0 7 |a racionální výživa  |7 ph124968  |2 czenas 
655 7 |a příručky  |7 fd133209  |2 czenas 
765 0 |t Lose 7 pounds in 7 days  |9 Česky 
830 0 |a Jak na to (Ivo Železný)  |0 s 
830 0 |a Knížky dostupné každému  |0 s 
856 4 1 |u http://www.digitalniknihovna.cz/mzk/uuid/uuid:8cc64380-c66d-11ea-a037-005056827e52  |y Digitalizovaný dokument  |x NDK 
910 |a BOA001  |b 1-1009.103 
990 |a BK 
996 6 |b 2610021430  |c 1-1009.103  |l MZK  |r Sklad / do 1 hodiny  |n 16  |p p.v.  |w 000021267  |u 000010  |a 1  |e BOA001  |j MZK50  |s P